000 01083cam a22003617a 4500
003 CHAP
005 20220817042630.0
008 971013s1993 it r 00010 eng d
010 _a50476
011 _a51448
035 _a55598
040 _cCHAP
082 0 0 _a630
_bF23y v.103
110 1 _aFAO
245 1 0 _aBanking for the environment
_c/by W.M. Gudger and D.C. Barker
260 _aRome :
_bFAO,
_c1993
300 _a71 p.
410 2 0 _aFAO
490 0 _aFAO. Servicios agrícolas
_v; 103
590 _aBATCH-UPD
_b10
_c20130110
_lUCH01
_h1627
590 _aBATCH-UPD
_b10
_c20130410
_lUCH01
_h1020
590 _aBATCH-UPD
_b10
_c20130914
_lUCH01
_h0533
590 _aCONVERSION
_b10
_c20130109
_lUCH01
_h1327
650 1 4 _aBancos y operaciones bancarias.
_99913
650 1 4 _aMedio ambiente.
_974065
700 0 _aBarker, D. C.
_910199
700 0 _aGudger, W. M.
_951084
810 0 _aFAO
830 0 0 _aFAO. Servicios agrícolas
_v; 103
_939697
901 _aBK
942 _cLIBRO
949 _a630 F23y v.103
_bBC
_cFAO
_d33724002134876
_eFAO1
_gDonaciØn
_h89680
_i55598
_sb
999 _c50476
_d50476